<?xml version="1.0" encoding="UTF-8"?>
<record
    xmlns:xsi="http://www.w3.org/2001/XMLSchema-instance"
    xsi:schemaLocation="http://www.loc.gov/MARC21/slim http://www.loc.gov/standards/marcxml/schema/MARC21slim.xsd"
    xmlns="http://www.loc.gov/MARC21/slim">

  <leader>02105nam0a2200313   4500</leader>
  <controlfield tag="001">RU\NLR\bibl\2010729</controlfield>
  <controlfield tag="005">20260409063437.0</controlfield>
  <datafield tag="010" ind1=" " ind2=" ">
    <subfield code="a">978-5-370-02962-2</subfield>
    <subfield code="9">5000</subfield>
  </datafield>
  <datafield tag="021" ind1=" " ind2=" ">
    <subfield code="a">RU</subfield>
    <subfield code="b">2013-12035</subfield>
    <subfield code="9">862</subfield>
  </datafield>
  <datafield tag="035" ind1=" " ind2=" ">
    <subfield code="a">(NLR Aleph) 001999281</subfield>
  </datafield>
  <datafield tag="090" ind1=" " ind2=" ">
    <subfield code="a">4335958</subfield>
    <subfield code="c">4335958</subfield>
  </datafield>
  <datafield tag="100" ind1=" " ind2=" ">
    <subfield code="a">20130313d2013    |||y0rusy50      ca</subfield>
  </datafield>
  <datafield tag="101" ind1="0" ind2=" ">
    <subfield code="a">rus</subfield>
  </datafield>
  <datafield tag="102" ind1=" " ind2=" ">
    <subfield code="a">RU</subfield>
  </datafield>
  <datafield tag="105" ind1=" " ind2=" ">
    <subfield code="a">y   |||||||||</subfield>
  </datafield>
  <datafield tag="200" ind1="1" ind2=" ">
    <subfield code="a">&#x413;&#x440;&#x430;&#x436;&#x434;&#x430;&#x43D;&#x441;&#x43A;&#x438;&#x439; &#x43F;&#x440;&#x43E;&#x446;&#x435;&#x441;&#x441;&#x443;&#x430;&#x43B;&#x44C;&#x43D;&#x44B;&#x439; &#x43A;&#x43E;&#x434;&#x435;&#x43A;&#x441; &#x420;&#x43E;&#x441;&#x441;&#x438;&#x439;&#x441;&#x43A;&#x43E;&#x439; &#x424;&#x435;&#x434;&#x435;&#x440;&#x430;&#x446;&#x438;&#x438;</subfield>
    <subfield code="e">[&#x43E;&#x444;&#x438;&#x446;&#x438;&#x430;&#x43B;&#x44C;&#x43D;&#x44B;&#x439; &#x442;&#x435;&#x43A;&#x441;&#x442;</subfield>
    <subfield code="e">&#x442;&#x435;&#x43A;&#x441;&#x442; &#x41A;&#x43E;&#x434;&#x435;&#x43A;&#x441;&#x430; &#x43F;&#x440;&#x438;&#x432;&#x43E;&#x434;&#x438;&#x442;&#x441;&#x44F; &#x43F;&#x43E; &#x441;&#x43E;&#x441;&#x442;&#x43E;&#x44F;&#x43D;&#x438;&#x44E; &#x43D;&#x430; 15 &#x44F;&#x43D;&#x432;&#x430;&#x440;&#x44F; 2013 &#x433;&#x43E;&#x434;&#x430;</subfield>
    <subfield code="e">&#x43F;&#x440;&#x438;&#x43D;&#x44F;&#x442; &#x413;&#x43E;&#x441;&#x443;&#x434;&#x430;&#x440;&#x441;&#x442;&#x432;&#x435;&#x43D;&#x43D;&#x43E;&#x439; &#x414;&#x443;&#x43C;&#x43E;&#x439; 23 &#x43E;&#x43A;&#x442;&#x44F;&#x431;&#x440;&#x44F; 2002 &#x433;&#x43E;&#x434;&#x430;</subfield>
    <subfield code="e">&#x43E;&#x434;&#x43E;&#x431;&#x440;&#x435;&#x43D; &#x421;&#x43E;&#x432;&#x435;&#x442;&#x43E;&#x43C; &#x424;&#x435;&#x434;&#x435;&#x440;&#x430;&#x446;&#x438;&#x438; 30 &#x43E;&#x43A;&#x442;&#x44F;&#x431;&#x440;&#x44F; 2002 &#x433;&#x43E;&#x434;&#x430;</subfield>
    <subfield code="e">&#x43F;&#x43E;&#x434;&#x43F;&#x438;&#x441;&#x430;&#x43D; &#x41F;&#x440;&#x435;&#x437;&#x438;&#x434;&#x435;&#x43D;&#x442;&#x43E;&#x43C; &#x420;&#x424; 14 &#x43D;&#x43E;&#x44F;&#x431;&#x440;&#x44F; 2002 &#x433;&#x43E;&#x434;&#x430; &#x2116; 138-&#x424;&#x417;</subfield>
    <subfield code="e">(&#x432; &#x440;&#x435;&#x434;. &#x424;&#x435;&#x434;&#x435;&#x440;&#x430;&#x43B;&#x44C;&#x43D;&#x44B;&#x445; &#x437;&#x430;&#x43A;&#x43E;&#x43D;&#x43E;&#x432; &#x43E;&#x442; 30.06.2003 &#x2116; 86-&#x424;&#x417; ... &#x43E;&#x442; 30.11.2011 &#x2116; 351-&#x424;&#x417;</subfield>
    <subfield code="e">&#x441; &#x438;&#x437;&#x43C;. &#x432;&#x43D;&#x435;&#x441;&#x435;&#x43D;&#x43D;&#x44B;&#x43C;&#x438; &#x43F;&#x43E;&#x441;&#x442;&#x430;&#x43D;&#x43E;&#x432;&#x43B;&#x435;&#x43D;&#x438;&#x44F;&#x43C;&#x438; &#x41A;&#x43E;&#x43D;&#x441;&#x442;&#x438;&#x442;&#x443;&#x446;&#x438;&#x43E;&#x43D;&#x43D;&#x43E;&#x433;&#x43E; &#x421;&#x443;&#x434;&#x430; &#x420;&#x424; &#x43E;&#x442; 18.07.2003 &#x2116; 13-&#x41F; ... &#x43E;&#x442; 21.04.2010 &#x2116; 10-&#x41F;</subfield>
    <subfield code="e">&#x41E;&#x43F;&#x440;&#x435;&#x434;&#x435;&#x43B;&#x435;&#x43D;&#x438;&#x435;&#x43C; &#x41A;&#x43E;&#x43D;&#x441;&#x442;&#x438;&#x442;&#x443;&#x446;&#x438;&#x43E;&#x43D;&#x43D;&#x43E;&#x433;&#x43E; &#x421;&#x443;&#x434;&#x430; &#x420;&#x424; &#x43E;&#x442; 13.06.2006 &#x2116; 272-&#x41E;)]</subfield>
  </datafield>
  <datafield tag="210" ind1=" " ind2=" ">
    <subfield code="a">&#x41C;&#x43E;&#x441;&#x43A;&#x432;&#x430;</subfield>
    <subfield code="c">&#x41E;&#x43C;&#x435;&#x433;&#x430;-&#x41B;</subfield>
    <subfield code="d">2013</subfield>
  </datafield>
  <datafield tag="215" ind1=" " ind2=" ">
    <subfield code="a">143 &#x441;.</subfield>
    <subfield code="d">20</subfield>
  </datafield>
  <datafield tag="225" ind1="1" ind2=" ">
    <subfield code="a">&#x41A;&#x43E;&#x434;&#x435;&#x43A;&#x441;&#x44B; &#x420;&#x43E;&#x441;&#x441;&#x438;&#x439;&#x441;&#x43A;&#x43E;&#x439; &#x424;&#x435;&#x434;&#x435;&#x440;&#x430;&#x446;&#x438;&#x438;</subfield>
  </datafield>
  <datafield tag="604" ind1=" " ind2=" ">
    <subfield code="1">71001$a&#x420;&#x43E;&#x441;&#x441;&#x438;&#x439;&#x441;&#x43A;&#x430;&#x44F; &#x424;&#x435;&#x434;&#x435;&#x440;&#x430;&#x446;&#x438;&#x44F;</subfield>
    <subfield code="1">50011$a&#x413;&#x440;&#x430;&#x436;&#x434;&#x430;&#x43D;&#x441;&#x43A;&#x438;&#x439; &#x43F;&#x440;&#x43E;&#x446;&#x435;&#x441;&#x441;&#x443;&#x430;&#x43B;&#x44C;&#x43D;&#x44B;&#x439; &#x43A;&#x43E;&#x434;&#x435;&#x43A;&#x441;$2nlr_sh2$3RU\NLR\AUTH\661262192</subfield>
    <subfield code="a">&#x420;&#x43E;&#x441;&#x441;&#x438;&#x439;&#x441;&#x43A;&#x430;&#x44F; &#x424;&#x435;&#x434;&#x435;&#x440;&#x430;&#x446;&#x438;&#x44F;</subfield>
    <subfield code="t">&#x413;&#x440;&#x430;&#x436;&#x434;&#x430;&#x43D;&#x441;&#x43A;&#x438;&#x439; &#x43F;&#x440;&#x43E;&#x446;&#x435;&#x441;&#x441;&#x443;&#x430;&#x43B;&#x44C;&#x43D;&#x44B;&#x439; &#x43A;&#x43E;&#x434;&#x435;&#x43A;&#x441;</subfield>
    <subfield code="9">2086065</subfield>
    <subfield code="3">RU\NLR\AUTH\661262192</subfield>
  </datafield>
  <datafield tag="686" ind1=" " ind2=" ">
    <subfield code="a">&#x425;629.2-324.9(2&#x420;)</subfield>
  </datafield>
  <datafield tag="740" ind1=" " ind2="1">
    <subfield code="a">&#x420;&#x43E;&#x441;&#x441;&#x438;&#x439;&#x441;&#x43A;&#x430;&#x44F; &#x424;&#x435;&#x434;&#x435;&#x440;&#x430;&#x446;&#x438;&#x44F;</subfield>
    <subfield code="t">&#x417;&#x430;&#x43A;&#x43E;&#x43D;&#x44B;</subfield>
    <subfield code="i">&#x413;&#x440;&#x430;&#x436;&#x434;&#x430;&#x43D;&#x441;&#x43A;&#x438;&#x439; &#x43F;&#x440;&#x43E;&#x446;&#x435;&#x441;&#x441;&#x443;&#x430;&#x43B;&#x44C;&#x43D;&#x44B;&#x439; &#x43A;&#x43E;&#x434;&#x435;&#x43A;&#x441;</subfield>
    <subfield code="3">RU\NLR\AUTH\880379477</subfield>
    <subfield code="9">425338</subfield>
  </datafield>
  <datafield tag="801" ind1=" " ind2="0">
    <subfield code="a">RU</subfield>
    <subfield code="b">NLR</subfield>
    <subfield code="c">20130313</subfield>
    <subfield code="g">RCR</subfield>
  </datafield>
  <datafield tag="801" ind1=" " ind2="1">
    <subfield code="a">RU</subfield>
    <subfield code="b">NLR</subfield>
    <subfield code="c">20130313</subfield>
  </datafield>
  <datafield tag="942" ind1=" " ind2=" ">
    <subfield code="c">BOOK</subfield>
  </datafield>
  <datafield tag="980" ind1=" " ind2=" ">
    <subfield code="a">NBR</subfield>
  </datafield>
  <datafield tag="980" ind1=" " ind2=" ">
    <subfield code="a">NB</subfield>
  </datafield>
  <datafield tag="995" ind1=" " ind2=" ">
    <subfield code="5">2013-03-13</subfield>
    <subfield code="a">ad</subfield>
    <subfield code="b">NLR01</subfield>
    <subfield code="c">NLR01</subfield>
    <subfield code="e">RF8</subfield>
    <subfield code="f">3844009</subfield>
    <subfield code="k">2013-3/8221</subfield>
    <subfield code="o">0</subfield>
    <subfield code="r">BOOK</subfield>
    <subfield code="s">201338221_</subfield>
  </datafield>
  <datafield tag="995" ind1=" " ind2=" ">
    <subfield code="5">2013-03-13</subfield>
    <subfield code="a">ad</subfield>
    <subfield code="b">NLR01</subfield>
    <subfield code="c">NLR01</subfield>
    <subfield code="e">RF8</subfield>
    <subfield code="f">3844010</subfield>
    <subfield code="k">2013-3/8221</subfield>
    <subfield code="o">0</subfield>
    <subfield code="r">BOOK</subfield>
    <subfield code="s">201338221_</subfield>
  </datafield>
</record>
